[Event "Rostock SSC op 16th"]
[Site "Rostock"]
[Date "2017.07.26"]
[Round "2"]
[White "Lamaze, David"]
[Black "Raitza, Egon"]
[Result "1-0"]
[WhiteElo "1553"]
[BlackElo "1762"]
[PlyCount "51"]
[EventDate "2017.07.26"]
[EventType "swiss"]
[EventRounds "7"]
[EventCountry "GER"]
[SourceTitle "EXT 2018"]
[Source "ChessBase"]
[SourceDate "2017.10.13"]
[SourceVersion "1"]
[SourceVersionDate "2017.10.13"]
[SourceQuality "1"]

1. e4 e6 2. d4 d5 3. Nd2 dxe4 4. Nxe4 Nd7 5. Nf3 Ngf6 6. Bd3 Nxe4 7. Bxe4 Nf6 8. Bd3 Be7 9. 0-0 0-0 10. c3 b6 11. Ne5 Bb7 12. Qe2 Qd5 13. f3 Rad8 14. Bg5 Qa5 15. b4 Qa4 16. Bb5 Qa3 17. Qc2 Bd6 18. Nc4 Bxb4 19. Nxa3 Bxa3 20. Bd3 h6 21. Bxf6 gxf6 22. Be4 Ba6 23. Bd3 Bb7 24. Qd2 Kg7 25. Qf4 Bd6 26. Qg4+ 1-0